Traffic engineering design : (Record no. 433)

000 -LEADER
fixed length control field 00412 a2200121 4500
003 - CONTROL NUMBER IDENTIFIER
control field NUST
005 - DATE AND TIME OF LATEST TRANSACTION
control field 20170511165538.0
008 - FIXED-LENGTH DATA ELEMENTS--GENERAL INFORMATION
fixed length control field 170511b xxu||||| |||| 00| 0 eng d
020 ## - INTERNATIONAL STANDARD BOOK NUMBER
International Standard Book Number 0750658657
040 ## - CATALOGING SOURCE
Transcribing agency NUST
082 ## - DEWEY DECIMAL CLASSIFICATION NUMBER
Classification number 388.041
100 ## - MAIN ENTRY--PERSONAL NAME
Personal name Slinn, Mike.
9 (RLIN) 393
245 ## - TITLE STATEMENT
Title Traffic engineering design :
Remainder of title principles and practice
Statement of responsibility, etc. Mike Slinn, Peter Guest and Paul Matthews.
260 ## - PUBLICATION, DISTRIBUTION, ETC.
Place of publication, distribution, etc. Oxford :
Name of publisher, distributor, etc. Butterworth Heinemann,
Date of publication, distribution, etc. 2005.
300 ## - PHYSICAL DESCRIPTION
Extent viii, 232 p. :
Other physical details ill. ;
Dimensions 25 cm.
650 ## - SUBJECT ADDED ENTRY--TOPICAL TERM
Topical term or geographic name entry element Traffic engineering.
9 (RLIN) 394
650 ## - SUBJECT ADDED ENTRY--TOPICAL TERM
Topical term or geographic name entry element Traffic engineering
Geographic subdivision Great Britain.
9 (RLIN) 395
942 ## - ADDED ENTRY ELEMENTS (KOHA)
Source of classification or shelving scheme
Koha item type Book
Holdings
Withdrawn status Lost status Damaged status Not for loan Permanent Location Current Location Shelving location Date acquired Total Checkouts Total Renewals Full call number Barcode Date last seen Date last checked out Price effective from Koha item type Source of classification or shelving scheme Checked out
        School of Civil and Environmental Engineering (SCEE) School of Civil and Environmental Engineering (SCEE)     3 1 388.041 NIT-8257 05/24/2024 03/18/2024 01/05/2017 Book    
        School of Civil and Environmental Engineering (SCEE) School of Civil and Environmental Engineering (SCEE)   03/31/2017     388.041 NIT-2495 03/31/2017   03/31/2017 Book    
        School of Civil and Environmental Engineering (SCEE) School of Civil and Environmental Engineering (SCEE)   03/31/2017 1   388.041 NIT-3750 03/15/2023 03/15/2023 03/31/2017 Book   04/14/2023
© 2023 Central Library, National University of Sciences and Technology. All Rights Reserved.